LEADER 01048nam a2200253 i 4500 001 000000125794 003 CaOOAMICUS 005 20040427000000.0 008 040427s2004 it u000 u ita u 013 $a98495 020 $a88-06-16202-0 040 $aSeMil$bita 245 12$aL'immagine fotografica :$b1945-2000 /$ca cura di Uliano Lucas. 260 $aTorino :$bEinaudi,$c2004. 300 $aXXXVI, 725 p. :$bill ;$c22 cm. 650 4$aItalia - Storia - 1945-2000 - Fotografie.$0(OLS)http://semarc/subject/24486 700 1 $aLucas, Uliano,$d<1942- >.$0(OLS)http://semarc/name/51771 773 0 $tStoria d'Italia. Annali.$dTorino : Einaudi, 1978.$g20$w()1589 850 $aSeMil 852 $aSeMil$W1$xVenegono$y1$mSL1.H VI 6$j80204$B80204$CSeMilBibl$Z2$F82388 $8I 961 $aSottoscrizione: Einaudi (Agente) 996 $6020$a88-06-16202-0$9(OLS)http://semarc/number/111783 996 $6245$aL'immagine fotografica :$b1945-2000$9(OLS)http://semarc/title/185297 996 $6260$aTorino :$bEinaudi$9(OLS)http://semarc/publisher/29884 LEADER 00792naa a2200169 i 4500 001 000000317568 003 CaOOAMICUS 005 20180831173231.0 008 180831n it u000 u ita u 013 $a26732 040 $aSeMil$bita 100 1 $aBernabei, Ettore <1921-2016>.$0(OLS)http://semarc/name/52519 245 10$aEuropa e televisione :$buna sfida per i cattolici. 650 4$aEuropa.$0(OLS)http://semarc/subject/7401 650 4$aTelevisione - Aspetti sociali.$0(OLS)http://semarc/subject/24699 773 0 $aConferenza Episcopale Italiana : Servizio Nazionale Progetto Culturale$tEuropa sfida e problema per i cattolici.$dBologna : EDB, 1999.$kOggi e domani$z88-10-10443-9$gp.97-100$w()111673 996 $6245$aEuropa e televisione :$buna sfida per i cattolici$9(OLS)http://semarc/title/391515